000 00681nam a2200205 a 4500
001 000001944
005 20200120221752.0
008 990223s1994 col gr 0 000 d
020 _a958-04-2648-1
090 _aAC
_bMON
100 0 _aMonterroso, Augusto
245 1 0 _aObras completas (y otros cuentos) /
_cAugusto Monterroso.
260 _aSantafé de Bogotá :
_bNorma,
_c1994.
300 _a120p.
490 0 _aColección cara y cruz
500 _aEj.1 de Biblioteca Mosquera: 2a. reimp. de 2005; ISBN: 9580467552
505 _aA propósito de Augusto Monterroso y su obra. [Santafé de Bogota]: Norma, [1994]. 81p.
650 1 4 _aCUENTO
650 1 4 _aLITERATURA GUATEMALTECA
999 _c186
_d186